RuPaul's Drag Race Top 4 - Statistics

General Stats
  • This quiz has been taken 116 times
  • The average score is 71 of 84
Answer Stats
Hint Answer % Correct
RuPaul's Drag Race S.1 Bebe Zahara Benet
100%
Bebe Zahara Benet
100%
Alaska
99%
S.2 Alaska
99%
Detox
99%
Detox
99%
S.6 Bianca Del Rio
98%
Roxxxy Andrews
98%
Roxxxy Andrews
98%
Adore Delano
97%
Chad Michaels
97%
All Stars S.1 Chad Michaels
97%
S.5 Jinkx Monsoon
97%
Jujubee
97%
Jujubee
97%
Jujubee
97%
S.3 Raja
97%
Raven
97%
Raven
97%
S.4 Sharon Needles
97%
Courtney Act
96%
S.2 Tyra Sanchez
96%
S.11 Yvie Oddly
96%
S.8 Bob The Drag Queen
95%
S.9 Sasha Velour
95%
S.10 Aquaria
94%
Manila Luzon
94%
Shea Coulee
94%
S.5 Shea Coulee
94%
Pearl
92%
Eureka
91%
Ginger Minj
91%
Katya
91%
Kennedy Davenport
91%
Kennedy Davenport
91%
Nina Flowers
91%
Phi Phi O'Hara
91%
S.12 Jaida Essence Hall
90%
Kim Chi
89%
Naomi Smalls
89%
Naomi Smalls
89%
Peppermint
89%
S.13 Symone
89%
S.3 Trixie Mattel
89%
Alexis Mateo
88%
Gottmik
88%
Trinity the Tuck
88%
Brooke Lynn Hytes
87%
Gigi Goode
87%
S.4 Monet X Change
87%
Trinity Taylor
87%
Kandy Muse
86%
Latrice Royale
86%
Shangela
86%
Shannel
86%
Shannel
86%
Darienne Lake
85%
Crystal Methyd
84%
Rebecca Glasscock
84%
Miz Cracker
83%
Rosé
83%
Silky Nutmeg Ganache
83%
Asia O'Hara
82%
Tatianna
82%
Kameron Michaels
80%
Yara Sofia
78%
Akeria C. Davenport
77%
Jackie Cox
75%
RuPaul's Drag Race UK S.1 The Vivienne
74%
Chi Chi DeVayne
73%
Monique Heart
72%
Blair St. Clair
67%
Baga Chipz
65%
S.2 Lawrence Chaney
65%
Tayce
59%
Bimini Bon Boulash
58%
RuPaul's Drag Race Down Under Kita Mean
56%
S.7 Violet Chacki
54%
Divina de Campo
52%
Cheryl Hole
51%
Ellie Diamond
49%
Art Simone
45%
Karen From Finance
45%
Scarlet Adams
44%
No matching quizzes found
Score Distribution
Percent of People with Each Score
Percentile by Number Answered
Your Score History
You have not taken this quiz